000
00263 a2200097 4500
000
nam a22 7a 4500
020
_a
97806912086619
100
_a
Campanella, Thomas J.
245
_a
Brooklyn : the once and future city
260
_b
Princeton University Press,
_c
2019
999
_c
85844
_d
85844